| 000 | 00790cam a2200253 a 4500 | ||
|---|---|---|---|
| 001 | 2597090 | ||
| 005 | 20180312093939.0 | ||
| 008 | 970722s1998 nyuab 001 0 eng | ||
| 010 | _a 97013431 | ||
| 020 | _a0471147133 (pbk. : alk. paper) | ||
| 035 | _a(DLC) 97013431 | ||
| 040 |
_aDLC _cDLC _dDLC |
||
| 041 | _aeng | ||
| 080 | _a550 ALA | ||
| 082 | 0 | 0 |
_a550 ALA _221 |
| 100 | 1 | _a42 | |
| 101 | _aGEO | ||
| 245 | 1 | 0 |
_aIntroducing physical geography / _cAlan Strahler, Arthur Strahler. |
| 246 | 1 |
_iAt head of title: _aStrahler Strahler |
|
| 906 |
_a7 _bcbc _corignew _d1 _eocip _f19 _gy-gencatlg |
||
| 942 |
_2ddc _cBK |
||
| 999 |
_c44779 _d44779 |
||